[Event "Titled Tuesday intern op 01st Nov Late"]
[Site "Chess.com INT"]
[Date "2022.11.01"]
[Round "3"]
[White "Ekdyshman, Mikhail"]
[Black "Li, Ben"]
[Result "0-1"]
[WhiteElo "2264"]
[BlackElo "2354"]
[PlyCount "78"]
[EventDate "2022.11.01"]
[EventType "swiss (blitz)"]
[EventRounds "11"]
[EventCountry "USA"]
[SourceTitle "EXT 2024"]
[Source "ChessBase"]
[SourceDate "2023.10.10"]
[SourceVersion "1"]
[SourceVersionDate "2023.10.10"]
[SourceQuality "1"]

1. e4 e5 2. Nf3 Nf6 3. Nc3 Nc6 4. d4 exd4 5. Nxd4 Bb4 6. Nxc6 bxc6 7. Bd3 d5 8. exd5 cxd5 9. 0-0 0-0 10. h3 c6 11. Qf3 h6 12. Ne2 Bd6 13. Nd4 Bd7 14. Nf5 Bxf5 15. Qxf5 Re8 16. Bd2 Be5 17. Rab1 Rb8 18. b4 Qd6 19. Rfe1 Rbd8 20. a4 Ne4 21. Bxe4 dxe4 22. Be3 g6 23. Qg4 f5 24. Qe2 f4 25. Bxa7 e3 26. fxe3 fxe3 27. Bxe3 Kh7 28. Qc4 Rd7 29. Bc5 Bh2+ 30. Kh1 Rxe1+ 31. Rxe1 Qg3 32. Rf1 Qc7 33. a5 Be5 34. a6 Qd8 35. a7 Rd1 36. Qf7+ Bg7 37. Rxd1 Qxd1+ 38. Kh2 Qa1 39. Bd6 Qa6 0-1

[Event "Titled Tuesday intern op 01st Nov Late"]
[Site "Chess.com INT"]
[Date "2022.11.01"]
[Round "4"]
[White "Li, Ben"]
[Black "Jimenez Almeida, Luis David"]
[Result "1-0"]
[WhiteElo "2354"]
[BlackElo "2229"]
[PlyCount "101"]
[EventDate "2022.11.01"]
[EventType "swiss (blitz)"]
[EventRounds "11"]
[EventCountry "USA"]
[SourceTitle "EXT 2024"]
[Source "ChessBase"]
[SourceDate "2023.10.10"]
[SourceVersion "1"]
[SourceVersionDate "2023.10.10"]
[SourceQuality "1"]

1. d4 g6 2. e4 Bg7 3. c4 c5 4. d5 b5 5. cxb5 a6 6. Nc3 d6 7. Nf3 Nf6 8. a4 0-0 9. Bd2 Nfd7 10. Bd3 Qc7 11. 0-0 c4 12. Be2 Ne5 13. Nxe5 Bxe5 14. f4 Bg7 15. Kh1 Nd7 16. Qc2 Bb7 17. Be3 Rfc8 18. Rfc1 h5 19. Rf1 axb5 20. axb5 Nc5 21. Rxa8 Bxa8 22. f5 Nd7 23. Qd2 Ne5 24. Bd4 Qa5 25. fxg6 fxg6 26. Qg5 Rf8 27. Rd1 Bf6 28. Qg3 Kh7 29. h3 Qb4 30. Rd2 Bb7 31. b6 Ra8 32. Kh2 Ra6 33. Qe3 Bg7 34. Bf1 Bh6 35. Qf2 Bxd2 36. Qxd2 Ra8 37. Qf4 Rg8 38. Be2 Rg7 39. Qd2 Qb3 40. Nd1 Bc8 41. Ne3 Rf7 42. Qe1 Nd3 43. Qg3 Nc5 44. Qg5 Nxe4 45. Qh4 Nf6 46. Bxc4 Qb4 47. Bd3 Qd2 48. Bxf6 exf6 49. Qxh5+ Kg8 50. Qxg6+ Rg7 51. Qe8# 1-0

[Event "Titled Tuesday intern op 01st Nov Late"]
[Site "Chess.com INT"]
[Date "2022.11.01"]
[Round "5"]
[White "Li, Ben"]
[Black "Lazavik, Denis"]
[Result "0-1"]
[WhiteElo "2354"]
[BlackElo "2529"]
[PlyCount "89"]
[EventDate "2022.11.01"]
[EventType "swiss (blitz)"]
[EventRounds "11"]
[EventCountry "USA"]
[SourceTitle "EXT 2024"]
[Source "ChessBase"]
[SourceDate "2023.10.10"]
[SourceVersion "1"]
[SourceVersionDate "2023.10.10"]
[SourceQuality "1"]

1. d4 f5 2. Nc3 Nf6 3. Nf3 e6 4. Bg5 Bb4 5. e3 h6 6. Bxf6 Qxf6 7. a3 Bxc3+ 8. bxc3 d6 9. c4 0-0 10. Be2 Nc6 11. 0-0 e5 12. Rb1 Rb8 13. c5 e4 14. Nd2 dxc5 15. dxc5 Be6 16. Bc4 Bxc4 17. Nxc4 Rfd8 18. Qe2 Rd5 19. f3 exf3 20. Rxf3 Rxc5 21. Rbf1 Qc3 22. Nd2 Qxc2 23. R1f2 Rd8 24. Nf1 Qxe2 25. Rxe2 Rd1 26. Rd2 Ra1 27. h3 Kh7 28. Kh2 Rxa3 29. g3 Rac3 30. g4 fxg4 31. hxg4 Rc2 32. Rxc2 Rxc2+ 33. Kh3 a5 34. Ng3 a4 35. Rf7 Ne5 36. Re7 Ng6 37. Rd7 Nf8 38. Rf7 Kg8 39. Re7 a3 40. Nh5 a2 41. Rxg7+ Kh8 42. Rf7 a1Q 43. Rxf8+ Kh7 44. Rf7+ Kg8 45. Rh7 0-1

[Event "Titled Tuesday intern op 25th Oct Late"]
[Site "Chess.com INT"]
[Date "2022.10.25"]
[Round "10"]
[White "Yoo, Christopher Woojin"]
[Black "Li, Ben"]
[Result "1-0"]
[WhiteElo "2563"]
[BlackElo "2354"]
[PlyCount "99"]
[EventDate "2022.10.25"]
[EventType "swiss (blitz)"]
[EventRounds "11"]
[EventCountry "USA"]
[SourceTitle "EXT 2024"]
[Source "ChessBase"]
[SourceDate "2023.10.10"]
[SourceVersion "1"]
[SourceVersionDate "2023.10.10"]
[SourceQuality "1"]

1. d4 d5 2. c4 e6 3. Nc3 Bb4 4. Nf3 Nf6 5. Qb3 c5 6. dxc5 Nc6 7. Bg5 d4 8. 0-0-0 h6 9. Bh4 g5 10. Bg3 Bxc5 11. Nb5 0-0 12. e3 e5 13. Nxe5 Nxe5 14. Bxe5 Ng4 15. Bxd4 Bxd4 16. Rxd4 Qf6 17. f3 Ne5 18. Nc7 Rb8 19. Nd5 Qe6 20. f4 Nc6 21. Rd1 b5 22. Qc3 f6 23. cxb5 Ne7 24. Bc4 Kg7 25. fxg5 hxg5 26. h4 Nxd5 27. Bxd5 Qe5 28. Qxe5 fxe5 29. hxg5 Rxb5 30. Be4 Bf5 31. Bxf5 Rxf5 32. Rd7+ Kg6 33. Rhd1 Rf2 34. R7d2 Rf8 35. b3 Kxg5 36. Rd7 Rc5+ 37. Kb2 Rf2+ 38. R1d2 Rf1 39. Rxa7 Kg4 40. Rg7+ Kh5 41. g3 Kh6 42. Rg4 Rh1 43. Rh4+ Rxh4 44. gxh4 Kh5 45. b4 Rb5 46. Kb3 Kxh4 47. a4 Rb8 48. Rd5 Kg4 49. Rxe5 Kf3 50. b5 1-0

[Event "Titled Tuesday intern op 26th Apr Late"]
[Site "Chess.com INT"]
[Date "2022.04.26"]
[Round "10"]
[White "Domingo Nunez, Alejandro"]
[Black "Li, Ben"]
[Result "1-0"]
[WhiteElo "2311"]
[BlackElo "2361"]
[PlyCount "95"]
[EventDate "2022.04.26"]
[EventType "swiss (blitz)"]
[EventRounds "11"]
[EventCountry "USA"]
[SourceTitle "CBM 208 Extra"]
[Source "ChessBase"]
[SourceDate "2022.07.31"]
[SourceVersion "1"]
[SourceVersionDate "2022.07.31"]
[SourceQuality "1"]

1. Nf3 d5 2. g3 c5 3. c4 d4 4. Bg2 Nc6 5. 0-0 e5 6. a3 a5 7. e3 Bd6 8. exd4 cxd4 9. c5 Bc7 10. d3 Nge7 11. Nbd2 0-0 12. Nc4 Nd5 13. Re1 Re8 14. Bd2 Bg4 15. h3 Bh5 16. Rc1 f5 17. g4 fxg4 18. Ng5 Nf6 19. Qb3 Kh8 20. Qxb7 Rb8 21. Qxc6 gxh3 22. Bxh3 Qe7 23. Nd6 Rf8 24. Nf5 Qd8 25. Ne6 Qd5 26. Qxd5 Nxd5 27. Nxf8 Rxf8 28. Bg2 Nf4 29. Bxf4 exf4 30. Nxd4 f3 31. Ne6 Rc8 32. Nxc7 Rxc7 33. Bxf3 Bg6 34. c6 h5 35. d4 h4 36. d5 Rf7 37. c7 Rxf3 38. c8Q+ Kh7 39. Qg4 Rf5 40. Qxh4+ Rh5 41. Qxh5+ Bxh5 42. d6 g5 43. Rc7+ Kh6 44. Re6+ Bg6 45. d7 g4 46. d8Q Kh5 47. Rc5+ Kh6 48. Qh8# 1-0

[Event "Titled Tuesday intern op 26th Apr Early"]
[Site "Chess.com INT"]
[Date "2022.04.26"]
[Round "4"]
[White "Shankland, Samuel L"]
[Black "Li, Ben"]
[Result "1-0"]
[WhiteElo "2709"]
[BlackElo "2361"]
[PlyCount "45"]
[EventDate "2022.04.26"]
[EventType "swiss (blitz)"]
[EventRounds "11"]
[EventCountry "USA"]
[SourceTitle "CBM 208 Extra"]
[Source "ChessBase"]
[SourceDate "2022.07.31"]
[SourceVersion "1"]
[SourceVersionDate "2022.07.31"]
[SourceQuality "1"]

1. d4 d5 2. c4 c6 3. Nc3 Nf6 4. e3 e6 5. Nf3 Nbd7 6. Be2 b6 7. 0-0 Bb7 8. b3 Bb4 9. Bb2 0-0 10. Qc2 Rc8 11. a3 Bd6 12. e4 dxe4 13. Nxe4 Nxe4 14. Qxe4 Qe7 15. b4 f5 16. Qe3 c5 17. dxc5 bxc5 18. b5 e5 19. Rfd1 e4 20. Qg5 Nf6 21. Nh4 Bb8 22. Nxf5 Qc7 23. Be5 1-0

[Event "Titled Tuesday intern op 05th Apr Late"]
[Site "Chess.com INT"]
[Date "2022.04.05"]
[Round "11"]
[White "Papasimakopoulos, Alexandros"]
[Black "Li, Ben"]
[Result "0-1"]
[WhiteElo "2259"]
[BlackElo "2361"]
[PlyCount "170"]
[EventDate "2022.04.05"]
[EventType "swiss (blitz)"]
[EventRounds "11"]
[EventCountry "USA"]
[SourceTitle "CBM 207 Extra"]
[Source "ChessBase"]
[SourceDate "2022.05.31"]
[SourceVersion "1"]
[SourceVersionDate "2022.05.31"]
[SourceQuality "1"]

1. d4 d5 2. c4 c6 3. cxd5 cxd5 4. Bf4 Nf6 5. Nc3 Nc6 6. e3 a6 7. Bd3 Bg4 8. Nge2 e6 9. 0-0 Bd6 10. f3 Bh5 11. Rc1 Bg6 12. Na4 0-0 13. Nc5 Bxc5 14. Rxc5 Qe7 15. Bg3 Bxd3 16. Qxd3 Rfc8 17. Rfc1 Qd8 18. a3 Ne7 19. Bc7 Qd7 20. Qb3 b5 21. Nf4 Ne8 22. Qc2 Nf5 23. Kf2 Nfd6 24. Bxd6 Nxd6 25. b3 g6 26. Nd3 Qd8 27. Ne5 Qh4+ 28. Kg1 Qg5 29. Qd2 h5 30. Nd7 Qd8 31. Ne5 Qg5 32. Qf2 Rxc5 33. Rxc5 Rc8 34. h4 Qf5 35. Nc6 Kg7 36. Qc2 Qf6 37. g3 Nf5 38. Kf2 g5 39. Ne5 Rxc5 40. Qxc5 gxh4 41. gxh4 Qxh4+ 42. Ke2 Qh2+ 43. Kd3 Qf2 44. Qc1 h4 45. Ng4 Qxf3 46. Qg1 Qe4+ 47. Kd2 Kf8 48. Nf6 Qf3 49. Ng4 h3 50. Ne5 Qg3 51. Qxg3 Nxg3 52. Ng4 Nf1+ 53. Ke2 h2 54. Nf2 Ng3+ 55. Kf3 h1Q+ 56. Nxh1 Nxh1 57. Kg2 Ke7 58. Kxh1 Kf6 59. Kg2 Kf5 60. Kf3 a5 61. a4 bxa4 62. bxa4 f6 63. Kf2 Ke4 64. Ke2 e5 65. dxe5 fxe5 66. Kd2 d4 67. exd4 Kxd4 68. Ke2 Kc3 69. Ke3 Kb4 70. Ke4 Kxa4 71. Kxe5 Kb3 72. Kd4 a4 73. Kd3 a3 74. Kd2 Kb2 75. Kd3 a2 76. Kc4 a1Q 77. Kb5 Qa3 78. Kc6 Qd3 79. Kb6 Qc4 80. Ka5 Qb3 81. Ka6 Kc3 82. Ka7 Kc4 83. Ka8 Kc5 84. Ka7 Kc6 85. Ka8 Qb7# 0-1

[Event "Titled Tuesday intern op 05th Apr Late"]
[Site "Chess.com INT"]
[Date "2022.04.05"]
[Round "4"]
[White "Tang, Andrew"]
[Black "Li, Ben"]
[Result "0-1"]
[WhiteElo "2508"]
[BlackElo "2361"]
[PlyCount "64"]
[EventDate "2022.04.05"]
[EventType "swiss (blitz)"]
[EventRounds "11"]
[EventCountry "USA"]
[SourceTitle "CBM 207 Extra"]
[Source "ChessBase"]
[SourceDate "2022.05.31"]
[SourceVersion "1"]
[SourceVersionDate "2022.05.31"]
[SourceQuality "1"]

1. d4 d5 2. Bf4 Nf6 3. e3 c5 4. dxc5 Nc6 5. Bb5 Qa5+ 6. Nc3 a6 7. Bxc6+ bxc6 8. Nf3 e6 9. a3 Qxc5 10. 0-0 Be7 11. Na4 Qa7 12. c4 0-0 13. Rc1 c5 14. Ne5 Bb7 15. cxd5 exd5 16. Bg5 Rfd8 17. Qc2 Rac8 18. Ng4 Nxg4 19. Bxe7 Re8 20. Bd6 d4 21. Qf5 Nf6 22. Bxc5 Qa8 23. Nb6 Qb8 24. Nxc8 Bxc8 25. Qf4 Qxf4 26. exf4 d3 27. Rfd1 Bf5 28. Rd2 Ne4 29. Rxd3 Nxc5 30. Rd5 Nb3 31. Re5 Rxe5 32. Rd1 Re8 0-1

[Event "Titled Tuesday intern op 05th Apr Late"]
[Site "Chess.com INT"]
[Date "2022.04.05"]
[Round "9"]
[White "Xiong, Jeffery"]
[Black "Li, Ben"]
[Result "1-0"]
[WhiteElo "2685"]
[BlackElo "2361"]
[PlyCount "59"]
[EventDate "2022.04.05"]
[EventType "swiss (blitz)"]
[EventRounds "11"]
[EventCountry "USA"]
[SourceTitle "CBM 207 Extra"]
[Source "ChessBase"]
[SourceDate "2022.05.31"]
[SourceVersion "1"]
[SourceVersionDate "2022.05.31"]
[SourceQuality "1"]

1. e4 e5 2. Nf3 Nc6 3. Nc3 Nf6 4. d4 exd4 5. Nxd4 Bb4 6. Nxc6 bxc6 7. Bd3 d5 8. exd5 cxd5 9. 0-0 0-0 10. h3 c6 11. Qf3 h6 12. Bf4 Bd6 13. Ne2 Rb8 14. b3 Re8 15. Rfd1 Be6 16. c4 Qe7 17. Rac1 Rbd8 18. Bxd6 Qxd6 19. c5 Qe7 20. Nd4 Bd7 21. b4 g6 22. b5 cxb5 23. c6 Be6 24. c7 Rc8 25. Bxb5 Rf8 26. Nc6 Qxc7 27. Qxf6 Rfe8 28. Nd4 Qxc1 29. Rxc1 Rxc1+ 30. Kh2 1-0

[Event "Titled Tuesday intern op 05th Apr Late"]
[Site "Chess.com INT"]
[Date "2022.04.05"]
[Round "1"]
[White "Zhou, Qiyu"]
[Black "Li, Ben"]
[Result "0-1"]
[WhiteElo "2218"]
[BlackElo "2361"]
[PlyCount "90"]
[EventDate "2022.04.05"]
[EventType "swiss (blitz)"]
[EventRounds "11"]
[EventCountry "USA"]
[SourceTitle "CBM 207 Extra"]
[Source "ChessBase"]
[SourceDate "2022.05.31"]
[SourceVersion "1"]
[SourceVersionDate "2022.05.31"]
[SourceQuality "1"]

1. e4 e5 2. Nf3 Nf6 3. Nxe5 d6 4. Nc4 Nxe4 5. Nc3 Nxc3 6. dxc3 g6 7. Bd3 Bg7 8. Bf4 0-0 9. Qd2 Re8+ 10. Ne3 d5 11. 0-0-0 d4 12. Bc4 Qh4 13. Nd5 dxc3 14. Nxc3 Nc6 15. g3 Qh5 16. Qd5 Bg4 17. Qxf7+ Kh8 18. Rd5 Qh3 19. Bd2 Re7 20. Qf4 Rf8 21. Qg5 Bf3 22. Re1 Rxe1+ 23. Bxe1 Bxd5 24. Nxd5 Qxh2 25. Nxc7 Qh1 26. Qe3 Nd4 27. Bd5 Qh6 28. Bd2 Qxe3 29. Bxe3 Rc8 30. Ne6 Nxc2 31. Bxb7 Rb8 32. Kxc2 Rxb7 33. Nxg7 Kxg7 34. Bd4+ Kf7 35. Kc3 Ke6 36. b4 Rc7+ 37. Kd3 Kd5 38. Be3 h5 39. Bc5 a6 40. a3 g5 41. Be3 h4 42. Bxg5 h3 43. Bf4 h2 44. Bxc7 h1Q 45. Bf4 Qa1 0-1

[Event "Titled Tuesday intern op 08th Mar Late"]
[Site "Chess.com INT"]
[Date "2022.03.08"]
[Round "3"]
[White "Suder, Jakub"]
[Black "Li, Ben"]
[Result "1-0"]
[WhiteElo "2321"]
[BlackElo "2361"]
[PlyCount "73"]
[EventDate "2022.03.08"]
[EventType "swiss (blitz)"]
[EventRounds "11"]
[EventCountry "USA"]
[SourceTitle "CBM 207 Extra"]
[Source "ChessBase"]
[SourceDate "2022.05.31"]
[SourceVersion "1"]
[SourceVersionDate "2022.05.31"]
[SourceQuality "1"]

1. d4 d5 2. c4 e6 3. Nc3 Bb4 4. a3 Bxc3+ 5. bxc3 Nf6 6. cxd5 exd5 7. e3 0-0 8. Bd3 c5 9. Ne2 b6 10. 0-0 Ba6 11. f3 Re8 12. Ng3 Bxd3 13. Qxd3 Nc6 14. Bb2 h5 15. e4 c4 16. Qc2 h4 17. Nf5 dxe4 18. fxe4 Rxe4 19. Nxg7 Rg4 20. Nf5 Qf8 21. Rae1 h3 22. g3 Re8 23. Bc1 Rxe1 24. Rxe1 Rg6 25. Qe2 Qc8 26. Nh4 Rg4 27. Rf1 Qd8 28. Rxf6 Rxd4 29. Rf1 Rd6 30. Qg4+ Kf8 31. Ng6+ Kg7 32. Ne5+ Rg6 33. Rxf7+ Kh8 34. Nxg6+ Kg8 35. Rf8+ Qxf8 36. Nxf8+ Kxf8 37. Qf3+ 1-0

[Event "Titled Tuesday intern op 01st Mar Late"]
[Site "Chess.com INT"]
[Date "2022.03.01"]
[Round "2"]
[White "Jaskolka, Tomasz"]
[Black "Li, Ben"]
[Result "0-1"]
[WhiteElo "2213"]
[BlackElo "2361"]
[PlyCount "78"]
[EventDate "2022.03.01"]
[EventType "swiss (blitz)"]
[EventRounds "11"]
[EventCountry "USA"]
[SourceTitle "CBM 207 Extra"]
[Source "ChessBase"]
[SourceDate "2022.05.31"]
[SourceVersion "1"]
[SourceVersionDate "2022.05.31"]
[SourceQuality "1"]

1. d4 d5 2. Bf4 Nf6 3. e3 c5 4. c3 Nc6 5. Nd2 e6 6. Ngf3 Bd6 7. Bg3 0-0 8. Bd3 b6 9. e4 Be7 10. e5 Nh5 11. Ng5 Bxg5 12. Qxh5 g6 13. Qe2 cxd4 14. h4 Bh6 15. h5 dxc3 16. bxc3 Bg7 17. hxg6 fxg6 18. Nf3 Bd7 19. Kf1 Qc7 20. Re1 Ne7 21. Bh4 Nf5 22. Bf6 Bxf6 23. exf6 Rxf6 24. Bxf5 Rxf5 25. Nd4 Rf6 26. Qe3 Raf8 27. f3 R8f7 28. Kf2 Qc4 29. Rh6 Qxa2+ 30. Kg3 Qa3 31. Reh1 Qd6+ 32. Kf2 e5 33. Ne2 e4 34. Nd4 exf3 35. gxf3 Bg4 36. Qe8+ Rf8 37. Rxh7 Rxf3+ 38. Kg2 Rf2+ 39. Kg1 Qg3# 0-1

[Event "Titled Tuesday intern op 01st Mar Early"]
[Site "Chess.com INT"]
[Date "2022.03.01"]
[Round "8"]
[White "Krishnan, Varun"]
[Black "Li, Ben"]
[Result "0-1"]
[WhiteElo "2203"]
[BlackElo "2361"]
[PlyCount "70"]
[EventDate "2022.03.01"]
[EventType "swiss (blitz)"]
[EventRounds "11"]
[EventCountry "USA"]
[SourceTitle "CBM 207 Extra"]
[Source "ChessBase"]
[SourceDate "2022.05.31"]
[SourceVersion "1"]
[SourceVersionDate "2022.05.31"]
[SourceQuality "1"]

1. e4 e5 2. Nf3 Nf6 3. Nxe5 d6 4. Nf3 Nxe4 5. Nc3 Nxc3 6. dxc3 Be7 7. Bf4 0-0 8. Qd2 Nd7 9. 0-0-0 Nc5 10. h4 Ne4 11. Qe3 Nf6 12. Bd3 c5 13. h5 Re8 14. Qd2 Be6 15. c4 b5 16. cxb5 a6 17. Ng5 Bxa2 18. bxa6 c4 19. Bg6 c3 20. Qxc3 fxg6 21. hxg6 hxg6 22. b3 Qd7 23. Rh4 Rec8 24. Rdh1 Nh5 25. Qd3 Bxg5 26. Bxg5 Qf7 27. g4 Bxb3 28. gxh5 Bxc2 29. hxg6 Bxd3+ 30. Kd1 Qb3+ 31. Kd2 Rc2+ 32. Ke3 Re8+ 33. Kf4 Bxg6 34. Rh8+ Kf7 35. Rxe8 Kxe8 0-1

[Event "Titled Tuesday intern op 01st Mar Late"]
[Site "Chess.com INT"]
[Date "2022.03.01"]
[Round "4"]
[White "Li, Ben"]
[Black "Janaszak, Dawid"]
[Result "1-0"]
[WhiteElo "2361"]
[BlackElo "2333"]
[PlyCount "95"]
[EventDate "2022.03.01"]
[EventType "swiss (blitz)"]
[EventRounds "11"]
[EventCountry "USA"]
[SourceTitle "CBM 207 Extra"]
[Source "ChessBase"]
[SourceDate "2022.05.31"]
[SourceVersion "1"]
[SourceVersionDate "2022.05.31"]
[SourceQuality "1"]

1. d4 Nf6 2. c4 g6 3. Nc3 Bg7 4. e4 d6 5. Nf3 0-0 6. h3 c5 7. d5 e6 8. Bd3 exd5 9. exd5 Re8+ 10. Be3 Rxe3+ 11. fxe3 Qe7 12. 0-0 Nbd7 13. Qd2 Nh5 14. g4 Nhf6 15. Rf2 Ne5 16. Nxe5 Qxe5 17. Kg2 Bd7 18. Raf1 Rf8 19. Ne2 Ne4 20. Bxe4 Qxe4+ 21. Kg1 Qxc4 22. b3 Qe4 23. Ng3 Qe5 24. Rf3 b5 25. Kh2 c4 26. bxc4 bxc4 27. e4 c3 28. Qf2 Qd4 29. Rxf7 Qxf2+ 30. R7xf2 Rb8 31. Ne2 Rb2 32. Kg2 Bb5 33. Re1 c2 34. Nc1 Bd4 35. Rf3 a6 36. Rb3 Bc4 37. Rxb2 Bxb2 38. Kf3 Kg7 39. Ke3 Bc3 40. Rh1 g5 41. Rh2 Be5 42. Rxc2 Bf4+ 43. Kf3 Bf1 44. Ne2 Bxh3 45. Nxf4 gxf4 46. Kxf4 Bf1 47. Rc6 Bb5 48. Rxd6 1-0

[Event "Titled Tuesday intern op 01st Mar Early"]
[Site "Chess.com INT"]
[Date "2022.03.01"]
[Round "5"]
[White "Li, Ben"]
[Black "Timofeev, Artyom"]
[Result "0-1"]
[WhiteElo "2361"]
[BlackElo "2574"]
[PlyCount "100"]
[EventDate "2022.03.01"]
[EventType "swiss (blitz)"]
[EventRounds "11"]
[EventCountry "USA"]
[SourceTitle "CBM 207 Extra"]
[Source "ChessBase"]
[SourceDate "2022.05.31"]
[SourceVersion "1"]
[SourceVersionDate "2022.05.31"]
[SourceQuality "1"]

1. d4 d5 2. Nf3 Nf6 3. c4 dxc4 4. Nc3 a6 5. e4 b5 6. e5 Nd5 7. a4 Bb7 8. e6 fxe6 9. Ng5 Nxc3 10. bxc3 Qd7 11. Qg4 e5 12. Qxd7+ Nxd7 13. Ne6 Kf7 14. d5 c6 15. dxc6 Bxc6 16. Nc7 Rc8 17. Nxa6 e6 18. axb5 Bxb5 19. Ra5 Bxa6 20. Rxa6 Be7 21. Ra7 Nb6 22. Be2 Nd5 23. Bd2 Ra8 24. Rxa8 Rxa8 25. 0-0 Ra2 26. Rd1 Bg5 27. Bxg5 Rxe2 28. Rc1 h6 29. Kf1 Ra2 30. Be3 Kg6 31. h3 Kf5 32. Bc5 h5 33. f3 h4 34. Bf2 g5 35. Be1 Nf4 36. Bf2 Rxf2+ 37. Kg1 Rxg2+ 38. Kh1 Rg3 39. Re1 Rxh3+ 40. Kg1 Rxf3 41. Kh2 Rh3+ 42. Kg1 Rxc3 43. Kh2 Rc2+ 44. Kg1 Rc1 45. Kh2 Rc2+ 46. Kh1 Nd3 47. Rf1+ Ke4 48. Kg1 g4 49. Rf8 Nf4 50. Kh1 Kf3 0-1

[Event "Titled Tuesday intern op 01st Mar Early"]
[Site "Chess.com INT"]
[Date "2022.03.01"]
[Round "11"]
[White "Roberson, Peter T"]
[Black "Li, Ben"]
[Result "1-0"]
[WhiteElo "2425"]
[BlackElo "2361"]
[PlyCount "105"]
[EventDate "2022.03.01"]
[EventType "swiss (blitz)"]
[EventRounds "11"]
[EventCountry "USA"]
[SourceTitle "CBM 207 Extra"]
[Source "ChessBase"]
[SourceDate "2022.05.31"]
[SourceVersion "1"]
[SourceVersionDate "2022.05.31"]
[SourceQuality "1"]

1. e4 e5 2. Nf3 Nc6 3. Bc4 Bc5 4. 0-0 d6 5. c3 Nf6 6. d4 Bb6 7. dxe5 Nxe5 8. Nxe5 dxe5 9. Qxd8+ Kxd8 10. Bg5 Ke7 11. Nd2 h6 12. Bxf6+ gxf6 13. Rfe1 a6 14. Kf1 h5 15. Bb3 h4 16. Nc4 Bc5 17. Ne3 c6 18. h3 Be6 19. Rad1 Rad8 20. Nf5+ Ke8 21. Rxd8+ Kxd8 22. Rd1+ Ke8 23. Ke2 a5 24. Kf3 Bxf5 25. exf5 Rh5 26. Bc2 Ke7 27. Be4 Rg5 28. g3 hxg3 29. fxg3 Rg8 30. h4 Rd8 31. Rxd8 Kxd8 32. g4 Bf8 33. g5 Ke7 34. Kg4 Bg7 35. g6 fxg6 36. fxg6 Bh6 37. Kf5 Bc1 38. h5 Bh6 39. b4 axb4 40. cxb4 Bg5 41. a4 Kf8 42. b5 cxb5 43. axb5 b6 44. Bd5 Kg7 45. Bb3 Bh4 46. Bc2 Kh6 47. Ke6 Kg7 48. h6+ Kf8 49. g7+ Kg8 50. Bh7+ Kxh7 51. Kf7 Kxh6 52. g8Q Kh5 53. Qg6# 1-0

[Event "Titled Tuesday intern op 01st Mar Early"]
[Site "Chess.com INT"]
[Date "2022.03.01"]
[Round "4"]
[White "Sjugirov, Sanan"]
[Black "Li, Ben"]
[Result "0-1"]
[WhiteElo "2680"]
[BlackElo "2361"]
[PlyCount "174"]
[EventDate "2022.03.01"]
[EventType "swiss (blitz)"]
[EventRounds "11"]
[EventCountry "USA"]
[SourceTitle "CBM 207 Extra"]
[Source "ChessBase"]
[SourceDate "2022.05.31"]
[SourceVersion "1"]
[SourceVersionDate "2022.05.31"]
[SourceQuality "1"]

1. e4 e5 2. Nf3 Nc6 3. Bb5 a6 4. Ba4 Nf6 5. 0-0 Be7 6. d3 b5 7. Bb3 d6 8. a4 Bd7 9. c3 0-0 10. Bc2 Re8 11. Re1 Bf8 12. Nbd2 g6 13. Nf1 Bg7 14. Ng3 Qb8 15. h3 Na5 16. b4 Nc6 17. Bg5 h6 18. Be3 d5 19. Qd2 Kh7 20. Bc5 Be6 21. Qe3 Qb7 22. Qe2 Rad8 23. axb5 axb5 24. Nh2 dxe4 25. dxe4 Bc4 26. Qf3 Ra8 27. Bd3 Be6 28. Ng4 Nd7 29. Be3 Ne7 30. Qe2 c6 31. Nh2 Rxa1 32. Rxa1 Ra8 33. Qd1 Rxa1 34. Qxa1 Nb6 35. Nf3 Nc4 36. Bc5 Qd7 37. Be2 Nc8 38. Nf1 N8d6 39. Qd1 Qc7 40. Ne3 Nxe4 41. Bxc4 Nxc5 42. bxc5 bxc4 43. Qa4 Qd7 44. Nxc4 Qd5 45. Ne3 Qxc5 46. c4 e4 47. Nd2 f5 48. g3 h5 49. h4 Bd4 50. Ndf1 Qb6 51. Qa8 c5 52. Qe8 Kg7 53. Qe7+ Bf7 54. Qg5 Qf6 55. Qxf6+ Kxf6 56. Nd2 Ke5 57. Ng2 Bc3 58. Nb3 Bb4 59. Ne3 f4 60. gxf4+ Kxf4 61. Kg2 g5 62. hxg5 Kxg5 63. Nc1 Kf4 64. Ne2+ Ke5 65. Ng3 Bd2 66. Ngf1 Bc1 67. Kh3 Kd4 68. Nf5+ Ke5 69. N5e3 Be6+ 70. Kh4 Kd4 71. Kxh5 Bxc4 72. Ng3 Bxe3 73. Nf5+ Ke5 74. Nxe3 Be6 75. Kh4 c4 76. Kg3 Bd5 77. Nd1 Kd4 78. Kf4 c3 79. Ne3 Bc6 80. Nc2+ Kd3 81. Nb4+ Kc4 82. Nc2 Ba8 83. Ke3 Kb3 84. Nd4+ Kb2 85. Ke2 c2 86. Nxc2 Kxc2 87. Ke3 Kc3 0-1

[Event "Titled Tuesday intern op 01st Mar Early"]
[Site "Chess.com INT"]
[Date "2022.03.01"]
[Round "3"]
[White "Tasev, Dejan"]
[Black "Li, Ben"]
[Result "0-1"]
[WhiteElo "2253"]
[BlackElo "2361"]
[PlyCount "58"]
[EventDate "2022.03.01"]
[EventType "swiss (blitz)"]
[EventRounds "11"]
[EventCountry "USA"]
[SourceTitle "CBM 207 Extra"]
[Source "ChessBase"]
[SourceDate "2022.05.31"]
[SourceVersion "1"]
[SourceVersionDate "2022.05.31"]
[SourceQuality "1"]

1. e4 e5 2. Nf3 Nf6 3. Nxe5 d6 4. Nf3 Nxe4 5. Nc3 Nxc3 6. dxc3 Be7 7. Be3 0-0 8. Qd2 Nd7 9. 0-0-0 Nf6 10. Bd3 c5 11. h4 Be6 12. c4 b5 13. Ng5 Bxc4 14. Bxc4 bxc4 15. c3 Qa5 16. Kb1 Rab8 17. Qc2 Rb6 18. Bc1 Rfb8 19. Rhe1 Ra6 20. a4 Bf8 21. Ne4 Ng4 22. Ng5 g6 23. h5 Ne5 24. hxg6 hxg6 25. Rxe5 dxe5 26. Qe4 Qxa4 27. Rh1 Qa1+ 28. Kc2 Rxb2+ 29. Kd1 Rd6+ 0-1

[Event "Titled Tuesday intern op 01st Mar Early"]
[Site "Chess.com INT"]
[Date "2022.03.01"]
[Round "6"]
[White "Zavgorodniy, Sergiy"]
[Black "Li, Ben"]
[Result "1-0"]
[WhiteElo "2423"]
[BlackElo "2361"]
[PlyCount "71"]
[EventDate "2022.03.01"]
[EventType "swiss (blitz)"]
[EventRounds "11"]
[EventCountry "USA"]
[SourceTitle "CBM 207 Extra"]
[Source "ChessBase"]
[SourceDate "2022.05.31"]
[SourceVersion "1"]
[SourceVersionDate "2022.05.31"]
[SourceQuality "1"]

1. e4 c5 2. Nf3 d6 3. c3 Nf6 4. Bc4 Nxe4 5. Qa4+ Nc6 6. Bxf7+ Kxf7 7. Qxe4 g6 8. d4 Bf5 9. Qe2 cxd4 10. cxd4 Kg7 11. h3 Nb4 12. Bh6+ Kxh6 13. Qd2+ Kg7 14. Qxb4 h6 15. 0-0 Kh7 16. Re1 Qd7 17. Nh4 Be6 18. d5 Bxd5 19. Nc3 Bf7 20. Rad1 Bg7 21. Qe4 Rae8 22. Nd5 e5 23. Rd3 Rhg8 24. Rg3 Bh8 25. Ree3 Qc6 26. Rd3 Re6 27. Rc3 Qe8 28. Nc7 Qe7 29. Nxe6 Qxe6 30. Rc7 Rg7 31. Qxb7 d5 32. Re7 Qf6 33. Rf3 Qxh4 34. Rfxf7 Rxf7 35. Rxf7+ Kg8 36. Rc7 1-0